| 000 | 00941cam a22002178i 4500 | ||
|---|---|---|---|
| 999 |
_c12806 _d12806 |
||
| 003 | OSt | ||
| 005 | 20240705181026.0 | ||
| 008 | 210311s2022 maua b 001 0 eng | ||
| 020 |
_a9780262543422 _q(hardcover) |
||
| 042 | _apcc | ||
| 082 | 0 | 0 |
_a720.92 _223 |
| 100 | 1 |
_aTamburelli, Pier Paolo, _eauthor. |
|
| 245 | 1 | 0 |
_aOn Bramante / _cPier Paolo Tamburelli ; with photographs by Bas Princen ; translated from the Italian by Huw Evans. |
| 300 |
_axvii, 281 pages : _billustrations ; _c22 cm |
||
| 504 | _aIncludes bibliographical references and index. | ||
| 520 | _a"A historical and critical study of the great Italian Renaissance architect Donato Bramante, but also a polemic, even manifesto, about contemporary architectural practice"-- | ||
| 600 | 1 | 0 |
_aBramante, Donato, _d1444?-1514 _xCriticism and interpretation. |
| 700 | 1 |
_aPrincen, Bas, _ephotographer (expression) |
|
| 700 | 1 |
_aEvans, Christopher Huw, _etranslator. |
|
| 942 | _2ddc | ||